La competencia

Uloženo v:
Podrobná bibliografie
Hlavní autor: Colombo Campbell, Juan (Autor)
Médium: Kniha
Jazyk:španělština
Vydáno: Santiago Jurídica de Chile 2004
Vydání:2a. ed
Témata:
Tagy: Přidat tag
Žádné tagy, Buďte první, kdo vytvoří štítek k tomuto záznamu!

MARC

LEADER 00000nam a2200000 a 4500
001 UCL9602
003 CL-VaPUC
008 040813e20040000CL |||||||||||||||||spa|d
020 |a 9561015420 
082 0 4 |a 347.83012  |b COL  |2 21 
100 0 |a Colombo Campbell, Juan  |e author  |9 487504 
245 1 3 |a La competencia 
250 |a 2a. ed 
300 |a 657 p 
942 |c BK 
945 |d 20040813 00:00:00  |a cmena 
260 |a Santiago  |b Jurídica de Chile  |c 2004 
650 0 |a Tribunales  |9 254872 
650 0 |a Derecho procesal civil  |9 258071 
650 0 |a Derecho civil chileno  |9 320612 
650 7 |a COMPETENCIA ADMINISTRATIVA  |2 CL-VaPUC  |9 385094 
650 0 |a Jurisprudencia  |9 255952 
650 0 |a Tribunales administrativos  |9 256533 
651 7 |a CHILE  |2 CL-VaPUC  |9 487505 
583 |a last modification  |c 20040813 00:00:00  |k Rodrigo Vera 
999 |c 310342  |d 310340 
952 |0 0  |1 0  |4 0  |6 347_830120000000000_COL_2004  |7 0  |8 A  |9 378660  |a BIBDER  |b BIBDER  |d 2019-11-21  |i 4049225  |l 14  |m 2  |o 347.83012 COL 2004  |p 4049225  |r 2024-12-04  |s 2024-11-21  |w 2019-11-21  |y BK  |k DER 
952 |0 0  |1 0  |4 0  |6 347_830120000000000_COL_2004  |7 0  |8 A  |9 378661  |a BIBDER  |b BIBDER  |d 2019-11-21  |i 4375823  |o 347.83012 COL 2004  |p 4375823  |r 2023-08-28  |w 2019-11-21  |y BK  |k DER